| 000 | 00527nam a22001817a 4500 | ||
|---|---|---|---|
| 003 | OSt | ||
| 005 | 20260422034635.0 | ||
| 008 | 260422b |||||||| |||| 00| 0 eng d | ||
| 020 | _a 0-8039-3047-X | ||
| 040 |
_aDWC-Admin lib _cOC |
||
| 082 | _aCirc. 300.72 K295o 1988 | ||
| 100 | _akelly, Kanice R. | ||
| 245 |
_aOn time and method / _cKanice R. kelly |
||
| 260 |
_a Sage publications : _cc. 1988. |
||
| 300 |
_a151 p. ; _c 21 cm. |
||
| 504 | _aincludes reference, glossary and index | ||
| 942 |
_2ddc _cBK-CIRC _hCirc. _n0 |
||
| 999 |
_c9662 _d9662 |
||